000 00654nam a2200253 a 4500
001 nice12345678
003 IN_TiNIC
005 20260116012942.0
008 050524s1993 dela grp 000 0 eng
020 _a8171000
_c250
082 0 0 _a320.954
_bGEH
100 _aGehlot, N S
245 _aPolitics of Communalism and Secularism
_b Keeping Indians Divided
260 _aDelhi
_bDeep and Deep Publications
_c1993
300 _a305p
500 _aincludes index and biblioraphy
505 2 _aIndex
650 _aIndia-Politics
650 _aPolitics-India
700 1 _aGehlot, N S
902 _bSRS
942 _cBK
999 _c9032
_d9032